Výlet za hranice všedních dnů vychovatelů

Bibliographic Details
Main Author: Bartoš, Václav (Author)
Format: Article
Language:Czech
Subjects:

MARC

LEADER 00000nab a2200000 a 4500
001 vtls000418383
003 SK-MaSNL
005 20260304045656.0
008 140716c1991 xo 0 cze
015 |a SNBRB19rr/mm-uuuuu 
035 |a CL0418508 
040 |a SNKBUCL  |b slo  |c SNKBUCL  |e AACR2 
041 0 |a cze 
044 |a xo  |c SK 
080 |a 371.125(436)  |2 1981 
100 1 |a Bartoš, Václav  |4 aut  |9 608229 
245 1 0 |a Výlet za hranice všedních dnů vychovatelů  |c Václav Bartoš 
650 0 7 |a vychovávatelia  |2 snkbucl  |9 20275 
651 7 |a Rakúsko  |2 snkbucl  |9 18533 
655 7 |a články z novín a časopisov  |2 snkbucl  |9 267496 
773 0 |t Vychovávateľ  |g Roč. 35, č. 10 (1991), s. 13-16 
850 |a Slovenská národná knižnica v Martine  |a MTA001 
852 |a SNK  |b KIS3GCP 
958 |a RK 
992 |a RBX 
999 |c 2693906  |d 2695836